Normal view
MARC view
- الفقر-البطالة-احوال اجتماعية-الاردن-مؤتمرات
Entry Topical Term
001 - CONTROL NUMBER
- control field: 45185
003 - CONTROL NUMBER IDENTIFIER
- control field: JO-AjAnu
005 - DATE AND TIME OF LATEST TRANSACTION
- control field: 20230606081457.0
008 - FIXED-LENGTH DATA ELEMENTS
- fixed length control field: 230606|| aca||aabn | a|a d
040 ## - CATALOGING SOURCE
- Original cataloging agency: JO-AjAnu
- Transcribing agency: JO-AjAnu
150 ## - HEADING--TOPICAL TERM
- Topical term or geographic name entry element: الفقر-البطالة-احوال اجتماعية-الاردن-مؤتمرات
670 ## - SOURCE DATA FOUND
- Source citation: Work cat.: (JO-AjAnu)23135: منسق المحور محمد العجلوني ؛ المشرف على السلسلة أنور البطيخي , author 45184, الفقر والبطالة واحتياجات سوق العمل : وقائع المؤتمر الرابع للبحث العلمي في الأردن 7/11/2009 : الأوراق العلمية المحكمة